Hormon rezisztens emlőrák esetbemutatás olvasólecke /

Elmentve itt :
Bibliográfiai részletek
Szerzők: Nikolényi Aliz
Fábián Gabriella
További közreműködők: Oláh Judit
Dokumentumtípus: Tanítási erőforrás
Megjelent: 2020
Kulcsszavak:rákbetegség
emlőrák
Tárgyszavak:
Online Access:http://eta.bibl.u-szeged.hu/5532
LEADER 00800nnm a2200241 i 4500
001 eta5532
005 20210408152935.0
008 210408s2020 hu o 0|| hun d
040 |a SZTE Elektronikus Tananyag Archívum  |b hun 
041 |a hun 
100 1 |a Nikolényi Aliz 
245 1 0 |a Hormon rezisztens emlőrák esetbemutatás   |h [elektronikus dokumentum] :  |b olvasólecke /  |c  Nikolényi Aliz 
260 |c 2020 
300 |a 14 
516 |a Teaching_resource 
650 4 |a Orvos- és egészségtudomány 
650 4 |a Klinikai orvostan 
650 4 |a Onkológia 
695 |a rákbetegség 
695 |a emlőrák 
700 0 1 |a Oláh Judit 
700 0 1 |a Fábián Gabriella  |e aut 
856 4 0 |u https://eta.bibl.u-szeged.hu/5532/1/olvasolecke_doc_hormonrezisztens_emlo_NikolenyiA_VEGSO.pdf  |z Dokumentum-elérés